Lucas Grabeel Movies - Statistics

General Stats
  • This quiz has been taken 19 times
  • The average score is 6 of 22
Answer Stats
Hint Answer % Correct
2006 High School Musical
89%
2007 High School Musical 2
89%
2008 High School Musical 3: Senior Year
89%
2006 High School Musical Dance-Along
89%
2011 Sharpay's Fabulous Adventure
89%
2004 Halloweentown High
33%
2008 The Adventures of Food Boy
33%
2006 Return to Halloweentown
22%
2007 Alice Upside Down
11%
2010 Dancing Ninja
11%
2010 I Kissed a Vampire
11%
2018 Little Women
11%
2008 Milk
11%
2018 The Phineas and Ferb Show
11%
2010 Virginia
11%
2008 Collage Road Trip
0%
2005 Dogg's Hamlet, Cahoot's Macbeth
0%
2014 Dragon Nest: Warrior's Dawn
0%
2009 Lock and Roll Forever
0%
2009 Regarding: Beauregard
0%
2006 The Fox and the Hound 2
0%
2005 Totally Suite New Year's Eve
0%
No matching quizzes found
Score Distribution
Percent of People with Each Score
Percentile by Number Answered
Your Score History
You have not taken this quiz